Aeropuertos con más pasajeros de España - Estadísticas

Estadísticas generales
  • Esta prueba ha sido intentada 272 veces
  • La puntuación promedio es 15 de 20
Estadísticas de respuestas
Puesto Nº de Pasajeros Respuesta % Correcto
1 60 220 984 Adolfo Suárez Madrid-Barajas
100%
2 49 220 984 Josep Tarradellas Barcelona-El Prat
100%
11 8 071 524 Sevilla
98%
8 9 948 141 Valencia
96%
4 22 344 373 Málaga-Costa del Sol
95%
3 31 105 987 Palma de Mallorca
95%
12 6 336 441 Bilbao
94%
5 15 747 678 Alicante-Elche Miguel Hernández
86%
9 8 931 598 Ibiza
83%
6 13 961 638 Gran Canaria
82%
16 3 537 445 Santiago-Rosalía de Castro
78%
19 1 368 821 La Palma
77%
15 4 045 215 Menorca
76%
10 8 212 943 César Manrique-Lanzarote
67%
14 6 020 413 Fuerteventura
61%
13 6 120 550 Tenerife Norte-Ciudad de La Laguna
60%
7 12 337 244 Tenerife Sur
59%
17 1 974 850 Asturias
49%
20 1 252 022 La Coruña
46%
18 1 586 463 Gerona-Costa Brava
23%
No se encontraron pruebas coincidentes
Distribución de puntuación
Porcentaje de gente con cada puntuación
Porcentaje por número respondido
Historial de tus puntuaciones
No has intentado esta prueba.